000
00299nam a22001337a 4500
008
170713b xxu||||| |||| 00| 0 eng d
020
_a
9780816023943
041
_a
eng
080
_a
038
100
_a
23
101
_a
FJA
245
_a
FEED A COLD STRVE A FEVER
_c
JENSEN.M.D
942
_2
udc
_c
BK
999
_c
20411
_d
20411